Szélesebb választék A Városellátó eredményei, tervei /

Elmentve itt :
Bibliográfiai részletek
Szerző: Ladányi Zsuzsa
Dokumentumtípus: Cikk
Megjelent: 1981-03-13
Sorozat:Délmagyarország 71 No. 61
Kulcsszavak:városellátó szövetkezet
Online Access:http://dmarchiv.bibl.u-szeged.hu/108686
LEADER 00498nab a2200157 i 4500
001 delm108686
005 20190619130041.0
008 190619s1981 hu o 0|| hun d
040 |a SZTE Délmagyarország Archívum  |b hun 
041 |a hun 
100 1 |a Ladányi Zsuzsa 
245 1 0 |a Szélesebb választék   |h [elektronikus dokumentum] :  |b A Városellátó eredményei, tervei /  |c  Ladányi Zsuzsa 
260 |c 1981-03-13 
300 |a 3 
490 0 |a Délmagyarország  |v 71 No. 61 
695 |a városellátó szövetkezet